| 000 | 01920nam a2200565 i 4500 | ||
|---|---|---|---|
| 001 | 44390 | ||
| 003 | KOSZ 005 | ||
| 005 | 20200911123041.0 | ||
| 008 | 040217s2003 pl a f f |000 0 pol | ||
| 015 | _aPB 2004/17990 | ||
| 020 | _a8372422834 | ||
| 035 | _a991022467659705066 | ||
| 035 | _a(PL-WaBN)b16058410-48omnis_nlop | ||
| 035 | _ab16058410 | ||
| 035 | _a(OCoLC)749464264 | ||
| 035 | _a(PL)b0000001605841 | ||
| 035 | _a(EXLNZ-48OMNIS_NETWORK)9910412753305606 | ||
| 040 |
_aWA N _cWA N _dKOSZ 005/HR |
||
| 041 | 0 | _apol | |
| 046 | _k2003 | ||
| 080 | _a692.2 | ||
| 080 | _a699.8 | ||
| 080 | _a697 | ||
| 080 | _a728 | ||
| 080 | _a(075.8) | ||
| 100 | 1 |
_aRadziszewska-Zielina, Elżbieta _eAutor |
|
| 245 | 1 | 0 |
_aMetody wykonania ciepłochronnych ścian zewnętrznych / _cElżbieta Radziszewska-Zielina. |
| 260 |
_aKraków : _bPK, _c2003. |
||
| 300 |
_a64 s. : _bfot., rys., tab. ; _c24 cm. |
||
| 336 |
_2rdacontent _aTekst _btxt |
||
| 337 |
_2rdamedia _aBez urządznia pośredniczącego _bn |
||
| 338 |
_2rdacarrier _aWolumin _bnc |
||
| 380 | _aKsiążki | ||
| 380 | _aPublikacje dydaktyczne | ||
| 385 |
_mPoziom nauczania _aSzkoły wyższe |
||
| 388 | _a2001- | ||
| 490 | 1 | _aPomoc Dydaktyczna / Politechnika Krakowska im. Tadeusza Kościuszki | |
| 504 | _aBibliogr. s. 60-64. | ||
| 655 | 7 |
_aPodręczniki akademickie _2DBN |
|
| 658 | _aArchitektura i budownictwo | ||
| 650 | 7 |
_aBudownictwo mieszkaniowe _2DBN |
|
| 650 | 7 | _aMateriały budowlane | |
| 650 | 7 |
_aOcieplenie budynku _2DBN |
|
| 650 | 7 |
_aŚciany zewnętrzne _2DBN |
|
| 710 | 2 |
_aWydawnictwo Politechniki Krakowskiej _4pbl |
|
| 856 |
_uhttp://koha.tu.koszalin.pl/cgi-bin/koha/opac-detail.pl?biblionumber=44390 _yKatalog online BPK |
||
| 830 | 0 | _aPomoce Dydaktyczne - Politechnika Krakowska im. Tadeusza Kościuszki | |
| 942 |
_2UKD _cKS |
||
| 999 |
_c44390 _d44390 |
||